The Tempering Of Steel/ (Record no. 201890)

MARC details
000 -LEADER
fixed length control field 00538nam a22001817a 4500
005 - DATE AND TIME OF LATEST TRANSACTION
control field 20240402150533.0
010 ## - LCCN (DPL NO)
LC control number ENG-140009
020 ## - INTERNATIONAL STANDARD BOOK NUMBER
International Standard Book Number 9788194181965
Terms of availability 250.00
035 ## - SYSTEM CONTROL NUMBER
System control number EN-123541
037 ## - SOURCE OF ACQUISITION
Source of stock number/acquisition DBAD/PUB
100 ## - MAIN ENTRY--PERSONAL NAME
Personal name Basu,Samantakshobhan
245 ## - TITLE STATEMENT
Title The Tempering Of Steel/
Statement of responsibility, etc Sayamanakshobhan Basu
260 ## - PUBLICATION, DISTRIBUTION, ETC. (IMPRINT)
Place of publication, distribution, etc kolkata
Name of publisher, distributor, etc Write Workshop
270 ## - ADDRESS
Address C-532,Lake Garden
City Kolkata
Postal code 700045
300 ## - PHYSICAL DESCRIPTION
Extent 78pg;
Dimensions 22cm(Pb)
700 ## - ADDED ENTRY--PERSONAL NAME
Personal name Basu, Sayamantakshobhan
9 (RLIN) 64171
942 ## - ADDED ENTRY ELEMENTS (KOHA)
Source of classification or shelving scheme Dewey Decimal Classification
Item type English Books
Classification part 881
Call number suffix BAS
Holdings
Withdrawn status Lost status Not for loan Collection code Home library Current library Date acquired Source of acquisition Cost, normal purchase price Full call number Barcode Copy number Cost, replacement price Koha item type
      Fiction Bawana Bawana 02/04/2024 DBAD 250.00 881 BAS EN-123541 1 250.00 English Books

© Delhi Public Library
Hit Counter
free hit counter